Daughters of The Promised Land : Women in American History /

Guardado en:
Detalles Bibliográficos
Autor principal: Smith, Page (autor)
Formato: Libro
Idioma:Inglés
Publicado: Boston, EUA : Little, Brown and Company, 1970, c1970
Etiquetas: Agrega una etiqueta
Sin etiquetas, Sé el primero en etiquetar este registro!

MARC

LEADER 00000nam^a2200000^a^4500
001 000265050
005 20250521000000.0
009 20260310110706.172
037 |a Acervo ITESO - Biblioteca 
041 |a ING 
082 |a 305. 420973  |b SMI 
100 |a Smith, Page  |e (autor) 
245 1 0 |a Daughters of The Promised Land :  |b Women in American History /  |c P. Smith. 
264 4 |a Boston, EUA :  |b Little, Brown and Company,  |c 1970, c1970 
300 |a X, 392 p. 
336 |a texto  |b txt  |2 rdacontenido 
337 |a sin mediación  |b n  |2 rdamedio 
338 |a volumen  |b nc  |2 rdasoporte 
649 |a XX 
910 |a Fondo General 
920 |a Impresos - Libros 
930 |a Colección General 
905 |a 101 
901 |a 0500147378  |b IT1  |c ACC  |u 20250521 
902 |a https://opac.biblio.iteso.mx/vufind/Record/000265050